000 00725nam a2200229 a 4500
999 _c3599
_d3599
003 BD-JhCC
005 20171115125923.0
008 171115s2008 bg |||| b||| 00| 0 ben d
020 _a9844150655
035 _a(BD-JhCC)
040 _aBD-JhCC
_dBD-JhCC
041 _aben
082 _a782.42162
_bKHA 2008
100 _aখাতুন, সানজীদা
245 _aরবীন্দ্রসংগীতের ভাবসম্পদ /
_cসানজীদা খাতুন
260 _aঢাকা :
_bঅবসর প্রকাশন,
_c2008.
300 _a191 p. :
_c21 cm.
504 _aIncludes Bibliographical Reference.
650 _aSong of Rabindranath
942 _2ddc
_cBK